000
00289nam a22001337a 4500
020
_a
81-264-1313-1
082
_a
894.812
100
_a
KRISHNAKUMAR, K
245
_a
ORU SNEHAGATHA
260
_a
KOTTAYAM
_b
DC BOOKS
300
_a
42
650
_a
MALAYALAM SHORT STORY
_z
KERALA
942
_c
BK
999
_c
1672
_d
1672